MARC

Tag First Indicator Second Indicator Subfields
LEADER 00000cam a2200000 a 4500
001 in00002706021
005 20151202142203.0
008 110623s2010 cc ae c 000 0 eng c
020 |a 9780984391301 
020 |a 0984391304 
035 |a (OCoLC)ocn732637127 
040 |a OSU  |c OSU  |d YDX  |d UtOrBLW 
043 |a n-us-ca 
049 |a TXAM 
050 4 |a NA2300.S67  |b M67 2010 
100 1 |a Moss, Eric Owen,  |d 1943- 
245 1 0 |a SCI-Arc Gallery 2002-10 /  |c Eric Owen Moss. 
246 3 |a Southern California Institute of Architecture Gallery 2002-10 
264 1 |a [Beijing?] :  |b AADCU ;  |a Los Angeles :  |b SCI-Arc Press,  |c [2010] 
264 4 |c ©2010 
300 |a 670 pages :  |b illustrations (some color), plans (some color) ;  |c 24 cm. 
336 |a text  |b txt  |2 rdacontent 
337 |a unmediated  |b n  |2 rdamedia 
338 |a volume  |b nc  |2 rdacarrier 
500 |a "This book documents 35 exhibitions over eight years in the SCI-Arc Gallery 2002-2010"--Title page verso. 
610 2 0 |a Southern California Institute of Architecture  |v Exhibitions. 
650 0 |a Architecture  |x Study and teaching  |z California  |z Santa Monica  |v Exhibitions. 
650 0 |a Galleries (Architecture)  |z California  |z Santa Monica  |v Exhibitions. 
650 0 |a Architecture, Modern  |y 21st century  |v Exhibitions. 
710 2 |a Southern California Institute of Architecture. 
945 |a PromptCat  |b 552869 
946 |a stk 
947 |a A14840449526 
948 |a cataloged  |b h  |c 2011/8/31  |d c  |e dmitchel  |f 1:44:28 pm 
994 |a 92  |b TXA 
999 |a MARS 
999 f f |s beafcce9-5e58-3c35-b80f-76223054810a  |i 66f2d78c-c21d-3807-beb2-7c77b542f778  |t 0 
952 f f |p normal  |a Texas A&M University  |b College Station  |c Sterling C. Evans Library  |d Evans: Library Stacks  |t 0  |e NA2300.S67 M67 2010  |h Library of Congress classification  |i unmediated -- volume  |m A14840449526 
998 f f |a NA2300.S67 M67 2010  |t 0  |l Evans: Library Stacks